| 000 | 01454cam a2200229 4500 | ||
|---|---|---|---|
| 001 | ABS62195 | ||
| 008 | 000000n2000 000 0 eng u | ||
| 035 | _a(Sirsi) u105913 | ||
| 100 | _aBond, S. | ||
| 245 | 2 | _aA hedonic housing model for stigma assessment: the case of a remediated contaminated site in Perth, WA | |
| 260 | _c2000 | ||
| 490 |
_aNew Zealand Valuers' Journal _vMarch 2000, 4-13(10) |
||
| 520 | _aStigma associated with remediated contaminated land is the blighting effect on property values caused by perceived risk and uncertainty - such factors as an inability to effect a total 'cure', risk of failure of the remediation method, risk of changes in legislation or clean up standards, difficulty in obtaining finance or just fear of the unknown. Summarises initial results from a study of market sales data of post-remediated residential land in Western Australia. This ongoing research is attempting to estimate the amount of stigma arising from a site's contamination history and measure the effect on residential property values. Findings show that although there is a negative effect, this can be offset by the positive influence of additional amenities in the neighbourhood. Includes literature review and references. | ||
| 590 | _aABS | ||
| 650 | _aCONTAMINATED LAND | ||
| 650 | _aPROPERTY VALUES | ||
| 650 | _aRESEARCH | ||
| 650 | _aVALUE | ||
| 650 | _aSTIGMA | ||
| 690 | _aENVIRONMENT-CONTAMINATION | ||
| 942 | _n0 | ||
| 999 |
_c63422 _d63422 |
||